00832nam a22002657a 4500003000900000005001700009008004100026040003300067041000800100080001000108100002200118245008100140260004900221300001600270490001100286650002300297650008100320650001100401650001100412650000900423650001300432942000700445952009500452999001900547LK-CoDNM20241218150842.0241218b |||||||| |||| 00| 0 eng d aLK-CoDNMdLK-CoDNMeLK-CoDNM aeng a2bC6 aCushman,Josheph A aNew arenaceous foraminifera from the Philippine island and Contiguous waters agoverment printing officebwashington c1912 a3p. : 24 cm aVol 42 aANNANDALE , NELSON aNew arenaceous foraminifera from the Philippine island and Contiguous waters a2 c 6  avol 42 a1912 ascience  cBK 001041708SCIaMAINbMAINcREFd2024-12-18l0o2 C6pOS046-7r2024-12-18w2024-12-18yBK c233473d233473